000 02775cam a22004575i 4500
999 _c28394
_d28365
001 15102378
003 EG-ScBUE
005 20200322120303.0
008 071204r20082000enk f b 001 0 eng d
020 _a9780415441445 (pbk. : alk. paper)
020 _a0415441447 (pbk. : alk. paper)
035 _a(OCoLC)ocn182857140
035 _a(OCoLC)182857140
040 _aDLC
_beng
_erda
_cDLC
_dYDX
_dBAKER
_dBTCTA
_dYDXCP
_dBWK
_dDLC
_dEG-ScBUE
082 0 4 _a070.43
_bBUR
_222
100 1 _aBurgh, Hugo de,
_d1949-
_eauthor.
245 1 0 _aInvestigative journalism /
_cHugo de Burgh [and nine other].
250 _aSecond edition.
264 1 _aAbingdon, Oxon ;
_aNew York :
_bRoutledge / Taylor & Francis Group,
_c2008.
300 _axi, 402 pages ;
_c24 cm
336 _atext
_btxt
_2rdacontent
337 _aunmediated
_bn
_2rdamedia
338 _avolume
_bnc
_2rdacarrier
500 _aOriginal published 2000.
504 _aIncludes bibliographical references and index.
520 _aInvestigative journalism has helped bring down governments, imprison politicians, trigger legislation, reveal miscarriages of justice and shame corporations. Even today, when much of the media colludes with power and when viciousness and sensationalism are staples of formerly high-minded media, investigative journalists can stand up for the powerless, the exploited, the truth. Investigative Journalism provides an unrivaled introduction to this vital part of our social life: its origins, the men and women who established its norms and its achievements in the last decades. Two chapters describe the relationships with the law, bringing us up to date, and others deal with the professional techniques, the sociology and the teaching of investigative journalism. A further new chapter examines the influence of the blogosphere on investigative journalism. The case studies of the first edition have been supplemented by new chapters: the investigators and methods which revealed the subcontracting of the torture of Iraqi prisoners; how the murder of headmaster Stephen Lawrence was treated in the Daily Mail; the tabloids and their investigations; BBC Panorama.
650 7 _aInvestigative reporting.
_2BUEsh
653 _bCOMAME
_cMarch2020
655 _vText book
_933728
700 1 _aBradshaw, Paul
_c(Data journalist)
_eauthor.
_936746
700 1 _aBromley, Michael,
_eauthor.
700 1 _aD'Arcy, Mark,
_eauthor.
700 1 _aGaber, Ivor,
_eauthor.
700 1 _aGreenslade, Roy,
_eauthor.
700 1 _aHanna, Mark,
_eauthor.
700 1 _aHorrie, Chris,
_eauthor.
700 1 _aLashmar, Paul,
_eauthor.
_937767
700 1 _aMacFadyen, Gavin,
_eauthor.
856 4 1 _3Table of contents only
_uhttp://www.loc.gov/catdir/toc/ecip086/2007049634.html
942 _2ddc
_cBB